Prečo je riziko nákladné pre firmy? diplomová práca

Na minha lista:
Detalhes bibliográficos
Autor principal: Suchánek, Ivan
Autor Corporativo: Fakulta hospodárskej informatiky EU. Katedra matematiky
Outros Autores: Starečková, Anna
Formato: Livro
Idioma:eslovaco
Publicado em: Bratislava 2010
Tags: Adicionar Tag
Sem tags, seja o primeiro a adicionar uma tag!

MARC

LEADER 00000nam a2200000 4500
001 0119105
005 20240318123205.4
041 0 |a slo 
044 |a SK 
245 1 0 |a Prečo je riziko nákladné pre firmy?  |b diplomová práca  |c Ivan Suchánek ; škol. Anna Starečková 
264 1 |a Bratislava  |c 2010 
300 |a 65 s. 
100 1 |a Suchánek, Ivan 
700 1 |a Starečková, Anna 
710 2 |a Fakulta hospodárskej informatiky EU. Katedra matematiky